000 00457cam a2200181 4500
001 D9711
008 090401t1973 xxu||||| |||| 00| 0 eng d
035 _a(Sirsi) u21803
041 _aeng
050 _a333.0062
100 _aWatson, John A. F.
245 4 _aThe incompleat surveyor, being the reflections of John A.F. Watson
260 _aLondon
_bEstates Gazette Ltd
_c1973
300 _a251p
350 _a3.75
942 _n0
948 _c04/03/1997
999 _c88063
_d88063